Classifica Pallone d'Oro FIFA 2013 - Statistics

Statistiche generali
  • Questo quiz è stato fatto 61 volte
  • Il punteggio medio è 21 su 23
Statistiche sulle risposte
Voti Nazione Squadra Calciatore % Corretto
27,99 % Portogallo Real Madrid Cristiano Ronaldo
100%
23,36 % Francia Bayern Monaco Franck Ribéry
100%
24,72 % Argentina Barcellona Lionel Messi
100%
5,29 % Svezia Paris Saint-Germain Zlatan Ibrahimović
100%
1,32 % Galles Tottenham / Real Madrid Gareth Bale
98%
2,08 % Spagna Barcellona Andrés Iniesta
96%
1,77 % Paesi Bassi Bayern Monaco Arjen Robben
96%
0,36 % Uruguay Napoli / Paris Saint-Germain Edinson Cavani
96%
3,17 % Brasile Santos / Barcellona Neymar
96%
0,82 % Spagna Barcellona Xavi
96%
0,39 % Uruguay Liverpool Luis Suárez
93%
0,92 % Polonia Borussia Dortmund Robert Lewandowski
93%
0,43 % Germania Bayern Monaco Thomas Müller
93%
1,11 % Italia Juventus Andrea Pirlo
91%
1,08 % Colombia Atletico Madrid / Monaco Radamel Falcao
91%
1,79 % Paesi Bassi Manchester United Robin van Persie
91%
0,16 % Belgio Chelsea Eden Hazard
89%
0,08 % Germania Bayern Monaco Manuel Neuer
89%
0,71 % Germania Real Madrid / Arsenal Mesut Özil
89%
0,82 % Germania Bayern Monaco Philipp Lahm
89%
0,99 % Costa d'Avorio Manchester City Yaya Touré
89%
0,24 % Brasile Paris Saint-Germain Thiago Silva
82%
0,43 % Germania Bayern Monaco Bastian Schweinsteiger
67%
Nessun quiz corrispondente trovato
Distribuzione punteggi
Percentuale di utenti per punteggio
Percentile per numero di risposta
I tuoi punteggi nel tempo
Non hai fatto questo quiz